|
|
|
|
| LEADER |
00959pam a22003498a 4500 |
| 001 |
00035730 |
| 005 |
20171026081025.0 |
| 008 |
161227s2008 ||||||Viesd |
| 041 |
0 |
# |
|a Vie
|
| 082 |
1 |
4 |
|b S550D
|a 631.4
|
| 100 |
1 |
# |
|a Đào, Lệ Hằng
|
| 245 |
1 |
0 |
|a Sử Dụng bền vững đất trong nông nghiệp
|c Đào Lệ Hằng
|
| 260 |
# |
# |
|a Hà Nội
|b Hà Nội
|c 2008
|
| 300 |
# |
# |
|a 147tr.
|c 19 cm.
|
| 653 |
# |
# |
|a Nông nghiệp
|
| 653 |
# |
# |
|a Phát triển
|
| 653 |
# |
# |
|a Sử dụng
|
| 653 |
# |
# |
|a Đất
|
| 852 |
# |
# |
|b Kho mượn
|j KM.0020163, KM.0020164, KM.0020165
|
| 852 |
# |
# |
|b Kho đọc
|j KD.0019287
|
| 852 |
# |
# |
|j KD.0019287
|j KM.0020163
|j KM.0020165
|j KM.0020164
|
| 910 |
0 |
# |
|d 27/12/2016
|
| 980 |
# |
# |
|a Trung tâm Học liệu Lê Vũ Hùng, Trường Đại học Đồng Tháp
|